Từ điển Hàn - Việt

Đã lưu trong:
書目詳細資料
主要作者: Lê, Huy Khoa
格式: 圖書
語言:Undetermined
出版: Thành phố Hồ Chí Minh Tổng hợp Thành phố Hồ Chí Minh 2015
主題:
標簽: 添加標簽
沒有標簽, 成為第一個標記此記錄!
Thư viện lưu trữ: Trung tâm Học liệu Trường Đại học Cần Thơ
LEADER 00662nam a2200205Ia 4500
001 CTU_210739
008 210402s9999 xx 000 0 und d
020 |c 100000 
082 |a 495.7395922 
082 |b Kh401 
100 |a Lê, Huy Khoa 
245 0 |a Từ điển Hàn - Việt 
245 0 |c Lê Huy Khoa, Lê Hữu Nhân 
260 |a Thành phố Hồ Chí Minh 
260 |b Tổng hợp Thành phố Hồ Chí Minh 
260 |c 2015 
650 |a Tiếng Hàn,Korean language 
650 |x Tiếng Việt,Vietnamese 
904 |i Lê Thị Giàu,Hải 
980 |a Trung tâm Học liệu Trường Đại học Cần Thơ